| 000 | 00760nam a22002657a 4500 | ||
|---|---|---|---|
| 001 | 000455 | ||
| 003 | DO-SdBNP | ||
| 005 | 20240830115024.0 | ||
| 007 | 000455 | ||
| 008 | 160901b1996 ck ||| 00| 0 spa d | ||
| 020 | _a9780789910845 | ||
| 040 |
_aBPMSU _bspa _cBPMSU |
||
| 082 | 4 |
_a155.6423 _bJ25m 1996 _222 |
|
| 100 | 1 | _aJakes, T. D. | |
| 245 | 1 | 0 |
_aMujer, ¡eres libre! / _cT. D. Jakes. |
| 260 |
_aColombia : _bUnilit, _c1996. |
||
| 300 |
_a228 p. : _bil. ; _c17 cm. |
||
| 490 | 0 | _aSanando las heridas del pasado. | |
| 500 | _aIncluye datos biográficos del autor. | ||
| 590 | _aInventariado, 2024/VM | ||
| 650 | 4 | _aAutoayuda y superación | |
| 650 | 4 |
_aPsicología _x |
|
| 910 | _aLOPEREZ/ VMateo V. Control de calidad. BPMSU | ||
| 942 |
_2ddc _cBK |
||
| 999 |
_c11266 _d11266 |
||